000 00460nab a2200145Ia 4500
003 ES-SlBCS
005 20210601132857.0
008 140529s1970 xxu||||| |||| 00| 0 ita d
041 _aita
100 1 _aDentone, Adriana
_963262
245 0 0 _aSulla Lettera aperta a M. F. Sciacca di A. Negri
_c Adriana Dentone
600 1 _aNegri, Antonio-Sciacca
_9199727
773 0 _tGiornali di Metafisica
_gvol. 25, nº. 5-6, 1970, págs. 611-616
_w0017-0372
942 _cAR
999 _c587062
_d587062